Alle Items aus der Super Smash Bros.-Reihe - Statistiken

Allgemein
  • Dieses Quiz wurde 19 mal gespielt
  • Das Durchschnittsergebnis liegt bei 21 aus 95
Antwortstatistiken
Antwort % Korrekt
Hammer
78%
Pokéball
78%
Superstern
67%
Zauber-Baseball
67%
Helfertrophäe
61%
Laserschwert
56%
Baseballschläger
50%
Bob-Omb
50%
Meisterball
50%
Superpilz
50%
Bananenschale
44%
Falle
44%
Fass/Kiste
44%
Feuerblume
44%
Grüner Panzer
44%
Herzcontainer
44%
Giftpilz
39%
Goldener Hammer
39%
Smash-Ball
39%
Mr. Saturn
33%
Stachi-Panzer
33%
Blitz
28%
Hasenohren
28%
Kugelwilli
28%
Laserknarre
28%
Maxi-Tomate
28%
Sternenzepter
28%
X-Bombe
28%
Bananenkanone
22%
Bumper
22%
Feenflasche
22%
Nahrungsmittel
22%
Rollkiste
22%
Roter Panzer
22%
Smash-Bombe
22%
Super-Sternenring
22%
Todessense
22%
Warp-Stern
22%
Bohrer
17%
Boss Galaga
17%
Deku-Nuss
17%
Dragoon-Teile
17%
Erzkeule
17%
Fächer
17%
Fußball
17%
Huhn
17%
Klebebombe
17%
Lip's Stick
17%
Morgenröte-Teile
17%
Nintendo Scope
17%
Rauchkugel
17%
Rückenschild
17%
Schnitter
17%
Schwarzes Loch
17%
Screw Attack
17%
Smart Bomb
17%
Steel Diver
17%
Superscharfes Curry
17%
Unira
17%
Bienenstock
11%
Bumerang
11%
Feuerbarriere
11%
Franklin Badge
11%
Froster
11%
Gemeiner Laufpilz
11%
Grasbüschel
11%
Grüne !-Box
11%
Hocotate-Bombe
11%
Käfer
11%
Killerauge
11%
Krabbelmine
11%
Pow-Block
11%
Propeller
11%
Sandsack
11%
Sensorikbombe
11%
Spezial-Flagge
11%
Sprungfeder
11%
Stoppuhr
11%
Superblatt
11%
Tarnkappe
11%
Team-Heilfeld
11%
Vergeltungsknarre
11%
Bombio
6%
Großschein
6%
Kanonenfass
6%
Kapsel
6%
Kawummkiste
6%
Linderungssphäre
6%
Magischer Krug
6%
Party-Ball
6%
Raketenrucksack
6%
Stab
6%
Teamheilung
6%
Feuerwerkskanone
0%
Schirm
0%
Keine übereinstimmenden Quizze gefunden
Verteilung der Resultate
Anzahl Personen mit jedem Resultat
Perzentil nach korrekt beantworteten Fragen
Ihre Resultats-Entwicklung
Sie haben dieses Quiz noch nicht gespielt